| 000 | 00630nam a2200193 a 4500 | ||
|---|---|---|---|
| 001 | s | ||
| 005 | 20140412111308.0 | ||
| 008 | 001207s19uu xx 00 eng d | ||
| 020 | _a0-394-84825-X | ||
| 050 |
_aER _bTo55 1981 |
||
| 100 | _aLeSieg, Theo. | ||
| 245 |
_aThe Tooth book. / _cby Theo. LeSeig; illustrated by Roy McKie. |
||
| 260 |
_aNew York : _bA Bright & Early Book, _c1981. |
||
| 300 | _a1 v. (unp.) ; ill. | ||
| 520 | _aRhyming text and illustrations briefly point out what animals have teeth, their uses, and how to care for them. | ||
| 650 | _aTeeth -- Fiction | ||
| 650 | _aStories in rhyme | ||
| 999 |
_c103790 _d103790 |
||